Organizational Excellence Through Total Quality Management : A Practical Approach. (Record no. 2399)
[ view plain ]
| 005 - DATE AND TIME OF LATEST TRANSACTION | |
|---|---|
| control field | 20250516120505.0 |
| 020 ## - INTERNATIONAL STANDARD BOOK NUMBER | |
| International Standard Book Number | 978-81-224-2289-4 |
| 082 ## - DEWEY DECIMAL CLASSIFICATION NUMBER | |
| Classification number | 658.568 LAL |
| 100 ## - MAIN ENTRY--PERSONAL NAME | |
| Author name | LAL, H. |
| 245 ## - TITLE STATEMENT | |
| Title | Organizational Excellence Through Total Quality Management : A Practical Approach. |
| 260 ## - PUBLICATION, DISTRIBUTION, ETC. | |
| Place of publication, distribution, etc. | New Delhi, |
| Name of publisher, distributor, etc. | New Age, |
| Date of publication, distribution, etc. | 2008. |
| 300 ## - PHYSICAL DESCRIPTION | |
| Extent | xviii,465p.: ill.; figure, table |
| Dimensions | 24cm. |
| 856 ## - ELECTRONIC LOCATION AND ACCESS | |
| Link text | Access Online Book |
| Electronic name | Management |
| Path | www.newagepublishers.com |
| 942 ## - ADDED ENTRY ELEMENTS (KOHA) | |
| Source of classification or shelving scheme | Dewey Decimal Classification |
| Koha item type | Books |
| Date last seen | Total checkouts | Full call number | Barcode | Cost, replacement price | Price effective from | Koha item type | Lost status | Source of classification or shelving scheme | Damaged status | Not for loan | Withdrawn status | Home library | Current library | Shelving location | Date acquired | Cost, normal purchase price |
|---|---|---|---|---|---|---|---|---|---|---|---|---|---|---|---|---|
| 05/16/2025 | 658.568 LAL | 0000009040 | 45147.00 | 05/16/2025 | Books | Dewey Decimal Classification | College of Business Education Main Library | College of Business Education Main Library | General Collection | 07/08/2016 | 15049.00 | |||||
| 05/16/2025 | 658.568 LAL | 0000009041 | 45147.00 | 05/16/2025 | Books | Dewey Decimal Classification | College of Business Education Main Library | College of Business Education Main Library | General Collection | 07/08/2016 | 15049.00 |
